000 00711nam a2200229Ia 4500
003 OSt
005 20240516104251.0
008 210716s2011 xx 000 0 und d
020 _a978071331852
040 _cAIMIT LIUBRARY
041 _aeng
082 _a374.22
_21
_bMURM
100 _aMurphy, Mark.
_9164778
245 _aHard goals :
_bthe secret to getting from where you are to where you want to be /
_cBy Mark Murphy.
250 _a1st ed.
260 _aNew Delhi :
_bTata McGraw Hill Education Private Limited ,
_c2011.
300 _aviii,181p. ;
_bPB
_c22.6 cm
650 _aHeartfelt
_9164779
650 _aAnimated
_9164780
650 _aRequired
_9164781
942 _2ddc
_cBK
_e1st
_k374.22 MURM
999 _c209338
_d209338